[Event "29th Czech Open-Rapid 2018"]
[Site "Pardubice"]
[Date "2018.07.18"]
[Round "1"]
[White "Pavlicek, Lukas"]
[Black "Becker, Dirk"]
[Result "0-1"]
[WhiteElo "1819"]
[BlackElo "2265"]
[Annotator "TA"]
[PlyCount "68"]
[EventDate "2018.07.18"]
[EventType "swiss"]
[EventCountry "CZE"]
[SourceTitle "playchess.com"]
[Source "ChessBase"]
[SourceQuality "1"]

{[%evp 14,68,1,-5,15,10,9,0,7,6,13,0,0,0,-4,-51,0,-38,-32,-31,-21,-31,-33,-85,-46,-45,-41,-38,-38,-38,-32,-58,-1,-89,0,0,0,0,0,-11,0,0,0,0,0,0,0,0,68,0,10,0,0,-136,-168,-197,-197]} 1. c4 Nf6 2. Nc3 e6 3. d4 d5 4. cxd5 exd5 5. Nf3 c6 6. Bf4 Bf5 7. e3 Nbd7 {D35: Queen's Gambit Declined: Exchange Variation} (7... Be7 8. Be2 Nbd7 9. O-O O-O 10. Ne5 Re8 11. Re1 Nf8 12. Rc1 Ne6 13. Bg3 Bd6 14. Bf1 Bg6 15. f3 Qb8 16. Qd2 Re7 17. b4 Nh5 {½-½ (17) Bryzgalin,K (2427)-Santos Ruiz,M (2527) Forni di Sopra 2018}) 8. Bd3 {LiveBook: 15 Games} Bg6 9. O-O Be7 {The position is equal.} 10. a3 O-O 11. Bxg6 hxg6 12. b4 $146 ({Predecessor:} 12. Qd3 Re8 13. Rfc1 Rc8 14. Ne5 Nh5 15. Bg3 Nxg3 16. Nxd5 Ne4 {0-1 (16) Petroaie,A (1580)-Olariu,D (1900) Eforie Nord 2001}) 12... a6 {[%cal Ba7a6,Ba6a5,Ba5a4][%mdl 32]} 13. Qc2 Nb6 14. Na4 Nc4 (14... Nxa4 $15 15. Qxa4 Ne4) 15. Nd2 b5 16. Nc5 Bxc5 17. dxc5 a5 18. Nb3 (18. Rfd1 $15) 18... a4 19. Nd4 Qc8 20. Rfe1 Re8 21. Bg5 {[%cal Bf4g5,Bg5h4,Bh4g3][%mdl 32]} Nh7 22. Bh4 f5 (22... g5 $15 23. Bg3 Nf6) 23. g4 (23. Bg3 $11) 23... Nf8 (23... fxg4 $17 24. Qxg6 Ne5) 24. gxf5 $11 Re4 25. Bg3 gxf5 26. Qd3 g6 27. f3 Re8 28. e4 dxe4 29. fxe4 f4 $36 {[%mdl 2048] Black has good play.} 30. Bxf4 Ra7 (30... Qd7 $11) 31. e5 ({Better is} 31. Qg3 $14) 31... Rf7 32. Bg3 {Hoping for e6!} Ne6 33. Qxg6+ (33. Rf1 $11 Nxd4 34. Rxf7 (34. Qxd4 Ref8 $11)) 33... Rg7 $17 34. Qe4 {[#] And now Nf5 would win.} Nd2 $1 {Precision: White = 26%, Black = 46%.} 0-1

[Event "29th Czech Open-Rapid 2018"]
[Site "Pardubice"]
[Date "2018.07.18"]
[Round "1"]
[White "Bueble, Joschua"]
[Black "ter Stal, Rainer"]
[Result "1-0"]
[WhiteElo "1722"]
[BlackElo "2194"]
[Annotator "TA"]
[PlyCount "26"]
[EventDate "2018.07.18"]
[EventType "swiss"]
[EventCountry "CZE"]
[SourceTitle "playchess.com"]
[Source "ChessBase"]
[SourceQuality "1"]

{[%evp 1,1,30]} 1. d4 {Predecessor:} Nf6 $146 2. c4 e6 3. Nf3 d5 4. Bg5 Bb4+ 5. Nbd2 dxc4 6. e3 b5 7. a4 c6 8. Be2 O-O 9. O-O Nbd7 10. Qc2 a5 11. b3 cxb3 12. Qxc6 Rb8 13. Bxb5 Bb7 {0-1 (40) Mamedyarov,S (2808)-Caruana,F (2816) Paris 2018} 1-0

[Event "29th Czech Open-Rapid 2018"]
[Site "Pardubice"]
[Date "2018.07.18"]
[Round "1"]
[White "Vestfal, Jan"]
[Black "Harsha Bharathakoti"]
[Result "0-1"]
[WhiteElo "1407"]
[BlackElo "2465"]
[Annotator "TA"]
[PlyCount "46"]
[EventDate "2018.07.18"]
[EventType "swiss"]
[EventCountry "CZE"]
[SourceTitle "playchess.com"]
[Source "ChessBase"]
[SourceQuality "1"]

{[%evp 11,46,-1,14,-30,-30,-29,-26,-22,-27,-21,-8,-30,-29,-46,14,9,9,12,6,6,8,-33,-21,-111,-116,-108,-101,-164,-158,-191,-156,-148,-139,-141,-146,-518,-509]} 1. d4 f5 2. Bf4 Nf6 3. e3 e6 4. Nf3 b6 5. c4 Bb7 6. Nc3 Bb4 {LiveBook: 7 Games. A40: Unusual replies to 1 d4} 7. Be2 (7. Qb3 a5 8. a3 Bxc3+ 9. Qxc3 d6 10. Be2 Ne4 11. Qc2 Nd7 12. O-O-O Nxf2 13. Ng5 Qf6 14. Bh5+ g6 15. Qxf2 gxh5 16. Qh4 Qg6 17. d5 exd5 18. cxd5 Nf6 19. Ne6 Kd7 20. Bg5 Nxd5 21. Nf4 {0-1 (21) Alekseenko,K (2625)-Bai,J (2579) Qinhuangdao 2018}) 7... Ne4 8. Rc1 O-O {Black has an edge.} 9. O-O Bxc3 10. bxc3 d6 11. Bd3 Nd7 {[%cal Bb8d7,Bd7f6,Bf6e4][%mdl 32]} 12. Bxe4 Bxe4 $146 (12... fxe4 $15 13. Nd2 e5) ({Predecessor:} 12... fxe4 13. Ng5 Qe7 {1-0 (68) Hara,A (1827)-Salama,A (2001) Sao Paulo 2016}) 13. Ng5 $11 Qe8 14. Nxe4 fxe4 15. Qc2 Qg6 16. f3 Nf6 17. Qe2 (17. c5 $11 {keeps the balance.}) 17... exf3 $17 18. Rxf3 Ne4 19. h4 (19. Qc2 $17) 19... Rae8 $19 20. Rh3 e5 21. h5 Qe6 22. dxe5 dxe5 {[%cal Bd6e5,Be5f4][%mdl 32]} 23. h6 $2 {[%mdl 8192] [#]} (23. Bg3 $17 {was the crucial defense.}) 23... exf4 {Precision: White = 29%, Black = 58%.} 0-1

[Event "29th Czech Open-Rapid 2018"]
[Site "Pardubice"]
[Date "2018.07.18"]
[Round "2"]
[White "Bernadskiy, Vitaliy"]
[Black "Webersberger, Johann"]
[Result "1-0"]
[WhiteElo "2586"]
[BlackElo "2348"]
[Annotator "TA"]
[PlyCount "61"]
[EventDate "2018.07.18"]
[EventType "swiss"]
[EventCountry "CZE"]
[SourceTitle "playchess.com"]
[Source "ChessBase"]
[SourceQuality "1"]

{[%evp 12,60,60,53,84,57,87,88,87,88,101,92,96,100,66,83,87,67,73,73,67,37,102,90,127,117,112,107,189,112,168,127,172,166,180,176,345,341,322,312,358,354,357,286,330,313,639,638,29996,29997,29999]} 1. e4 g6 2. d4 {[%cal Bd2d4,Bd4d5,Bd5c6][%mdl 32]} Bg7 3. Nc3 d6 4. Be3 a6 5. a4 Nc6 {[%cal Bb8c6,Bc6e5,Be5g4][%mdl 32]} 6. d5 {B06: Modern Defence} (6. g3 Nf6 7. h3 O-O 8. Bg2 e5 9. Nge2 exd4 10. Nxd4 Bd7 11. O-O Re8 12. Re1 Ne5 13. b3 c5 14. Nde2 Qc7 15. f4 Nc6 16. Qd2 Rad8 17. Rad1 Nb4 18. Bf2 Bc6 19. Nd5 Nbxd5 20. exd5 {½-½ (62) Bruzon Batista,L (2653)-Maghsoodloo,P (2584) Bandar e Anzali 2017}) 6... Ne5 7. f4 {LiveBook: 4 Games} Ng4 8. Bd4 {White is better.} N8f6 9. h3 c5 10. dxc6 $1 e5 11. fxe5 $1 (11. hxg4 exd4 12. Qxd4 bxc6 $14) 11... Nxe5 12. Bxe5 dxe5 13. Qxd8+ Kxd8 14. Nf3 $146 bxc6 15. Bc4 $36 {[%mdl 2048] White is on the roll.} Kc7 16. O-O Nh5 (16... Rb8 $14) 17. Bxf7 $16 Nf4 18. Bc4 Rb8 19. b3 h6 {[#]} (19... Be6 $16) 20. Kh2 (20. a5 $1 $18) 20... g5 (20... a5 $16 21. Nd1 Rf8) 21. Ng1 Rd8 {[#]} 22. Rad1 $1 Rxd1 23. Nxd1 ({But not} 23. Rxd1 $6 g4 $16) 23... Be6 $2 (23... Kb6 24. Ne3 Rb7) 24. Bxe6 $18 ({Not} 24. Bxa6 Rd8 $14) 24... Nxe6 25. Rf7+ Kd6 26. Ne3 Bf8 27. Nc4+ Kc5 28. Nf3 ({Less strong is} 28. Nxe5 Bd6 $16) 28... Rd8 $2 (28... Kb4 29. Nfxe5 Kc3 30. Nxc6 Rc8) 29. Nfxe5 {Intending c3 and mate.} Rd1 30. c3 {[%csl Gc3][%cal Rb3b4]} Nf4 31. b4# {Precision: White = 71%, Black = 25%.} 1-0

[Event "29th Czech Open-Rapid 2018"]
[Site "Pardubice"]
[Date "2018.07.18"]
[Round "2"]
[White "Stocek, Jiri"]
[Black "Krouzel, Jaroslav"]
[Result "1-0"]
[WhiteElo "2586"]
[BlackElo "2079"]
[Annotator "TA"]
[PlyCount "51"]
[EventDate "2018.07.18"]
[EventType "swiss"]
[EventCountry "CZE"]
[SourceTitle "playchess.com"]
[Source "ChessBase"]
[SourceQuality "1"]

{[%evp 17,51,21,2,-4,-11,0,25,-35,-49,-42,-29,-111,-99,-108,-51,-189,-177,-193,-42,-153,-83,-87,-31,-59,-30,-101,0,-35,-37,-41,-6,0,356,360,454,452]} 1. e4 e6 2. d4 d5 3. Nc3 Bb4 4. a3 Bxc3+ 5. bxc3 dxe4 6. Qg4 Nf6 7. Qxg7 Rg8 8. Qh6 Nbd7 9. a4 {C15: French: 3 Nc3 Bb4: Unusual White 4th moves} (9. Ne2 c5 10. a4 Qc7 11. dxc5 Qxc5 12. Qd2 Nb6 13. a5 Nbd5 14. c4 Ne7 15. Ba3 Qe5 16. Qc3 Qxc3+ 17. Nxc3 a6 {0-1 (37) Andreikin,D (2705)-Vitiugov,N (2726) Saratov 2011}) 9... b6 {LiveBook: 4 Games} 10. Nh3 Bb7 11. a5 {The position is equal.} Qe7 $146 ({Predecessor:} 11... bxa5 12. c4 c5 13. dxc5 Qc7 14. Qd2 a4 15. Rxa4 Nxc5 16. Qa5 Qb6 {½-½ (55) Preziuso,T (2114)-Antognini,F (2216) Lenzerheide 2010}) 12. Bg5 (12. a6 $11 Bd5 13. Nf4) 12... O-O-O $15 13. axb6 axb6 14. Bb5 (14. Ba6 $1 $11 {keeps the balance.}) 14... Rg6 $1 $17 {[%cal Rg6h6]} 15. Qh4 Rdg8 (15... h6 $1 $17 {[%cal Rh6g5]} 16. Bxd7+ Rxd7 17. Bxf6 Rxf6) 16. Be2 {[#]} (16. Bxd7+ $15 Kxd7 17. Ra7) 16... e3 $1 $19 {[%mdl 512]} 17. f3 {[#]} (17. fxe3 e5) 17... h6 $2 (17... Rxg5 $1 $19 {[%mdl 512]} 18. Nxg5 Nd5) 18. Bxe3 {[#]} (18. Bxf6 $1 $15 Rxf6 19. Nf4) 18... Rxg2 ({Black should try} 18... e5 $1 {[%cal Re5d4]} 19. dxe5 (19. g3 $2 exd4 20. Qxd4 Ng4 $19) 19... Nxe5) 19. Nf4 R2g7 (19... R2g5 $17 {White must now prevent ...e5.} 20. Nd3 Rh5) 20. Nh5 Rg6 {Threatens to win with ...e5.} (20... Rg5 $5 {[%cal Rg5h5]} 21. Nxf6 Rg2 $15) 21. Ng3 {[#]} (21. Nxf6 $11 {remains equal.} Nxf6 22. Bf4) 21... Qd6 ({Better is} 21... e5 $1 $17 {And now ...exd4 would win.} 22. Rf1 Re8) 22. Bd3 {[%cal Be2d3,Bd3g6,Bg6e4][%mdl 32]} Bxf3 23. Rf1 Bg2 24. Bxg6 Bxf1 $4 {[%mdl 8192]} (24... Rxg6 $11 {and Black is okay.} 25. Rg1 Qc6) 25. Ra8+ $18 ({Not} 25. Bxf7 Rg7 $14) 25... Kb7 26. Be4+ {Precision: White = 19%, Black = 39%.} 1-0

[Event "29th Czech Open-Rapid 2018"]
[Site "Pardubice"]
[Date "2018.07.18"]
[Round "2"]
[White "Boruchovsky, Avital"]
[Black "Turner, Jan"]
[Result "1-0"]
[WhiteElo "2558"]
[BlackElo "2348"]
[Annotator "RC"]
[PlyCount "39"]
[EventDate "2018.07.18"]
[EventType "swiss"]
[EventCountry "CZE"]
[SourceTitle "playchess.com"]
[Source "ChessBase"]
[SourceQuality "1"]
[TimeControl "900+10"]

1. d4 {[%emt 0:00:00]} Nc6 {[%emt 0:00:00]} 2. Nf3 {[%emt 0:00:00]} d6 {[%emt 0:00:00]} 3. e4 {[%emt 0:00:13]} Nf6 {[%emt 0:00:05]} 4. Nc3 {[%emt 0:00:22]} g6 {[%emt 0:00:01]} 5. Be3 {[%emt 0:00:07]} Bg7 {[%emt 0:00:08]} 6. d5 {[%emt 0:00:16]} Nb8 {[%emt 0:00:02]} 7. h3 {[%emt 0:00:06]} c6 {[%emt 0:00:01]} 8. Be2 {[%emt 0:00:40]} O-O {[%emt 0:00:02]} 9. O-O {[%emt 0:00:02]} cxd5 {[%emt 0:01:55]} 10. exd5 {[%emt 0:00:02]} Nbd7 {[%emt 0:00:15]} 11. Re1 {[%emt 0:00:06]} a6 {[%emt 0:00:20]} 12. a4 {[%emt 0:00:36]} Qc7 {[%emt 0:02:20]} 13. a5 {[%emt 0:02:26]} b5 {[%emt 0:00:15]} 14. axb6 {[%emt 0:00:06]} Nxb6 {[%emt 0:00:02]} 15. Qd4 {[%emt 0:00:01]} Rb8 {[%emt 0:01:21]} 16. Bxa6 {[%emt 0:00:29]} Ng4 {[%emt 0:00:45]} 17. Qf4 {[%emt 0:02:53]} Nxe3 {[%emt 0:00:14]} 18. Rxe3 {[%emt 0:00:14]} Bxa6 {[%emt 0:00:06]} 19. Rxa6 {[%emt 0:00:05]} Nc4 {[%emt 0:00:36]} 20. Rc6 {[%emt 0:00:11]} 1-0

[Event "29th Czech Open-Rapid 2018"]
[Site "Pardubice"]
[Date "2018.07.18"]
[Round "2"]
[White "Zakhartsov, Viacheslav V"]
[Black "Holy, Filip"]
[Result "1-0"]
[WhiteElo "2539"]
[BlackElo "2057"]
[Annotator "TA"]
[PlyCount "91"]
[EventDate "2018.07.18"]
[EventType "swiss"]
[EventCountry "CZE"]
[SourceTitle "playchess.com"]
[Source "ChessBase"]
[SourceQuality "1"]

{[%evp 14,91,36,37,31,32,33,33,45,46,29,42,55,50,46,43,109,109,108,110,110,108,108,108,106,28,77,75,109,111,110,112,110,95,113,81,170,46,297,231,296,262,302,287,304,233,230,200,200,200,202,161,192,159,202,187,181,134,129,122,246,240,269,271,285,274,462,357,341,265,364,358,416,331,29984,29985,29985,29986,29986,29987]} 1. d4 d5 2. c4 c6 3. Nc3 Nf6 4. e3 a6 5. Qc2 e6 6. Nf3 Nbd7 7. b3 b6 {D45: Semi-Slav: 5 e3} (7... Bd6 8. Bb2 b6 9. Bd3 Bb7 10. O-O O-O 11. e4 dxe4 12. Nxe4 Nxe4 13. Bxe4 Nf6 14. Bd3 h6 15. Rad1 Qe7 {1-0 (35) Ivanchuk,V (2726)-Korobov,A (2652) Huaian 2017}) 8. Bd3 {LiveBook: 7 Games} Bd6 9. O-O Bb7 {White is slightly better.} 10. e4 dxe4 11. Nxe4 Nxe4 12. Bxe4 Qc7 $146 ({Predecessor:} 12... Nf6 13. Bg5 h6 14. Bxf6 Qxf6 15. c5 bxc5 16. dxc5 {½-½ (62) Tang,A (2326)-Zierk,S (2485) Philadelphia 2015}) 13. Be3 Nf6 14. c5 Nxe4 (14... Be7 $14) 15. Qxe4 $16 Be7 16. Qg4 O-O 17. Bh6 {[%csl Gh6][%cal Rg4g7]} Bf6 {[#] With the idea ...bxc5.} 18. Bf4 $1 {[%cal Rf4c7]} Qd8 19. Bd6 (19. Rad1 $16) 19... Re8 20. Rad1 a5 21. Rfe1 a4 22. b4 Ba6 23. Ne5 $36 {[%mdl 2048] White is in control.} Bb5 24. a3 Ra7 (24... h6 $16 {was called for.}) 25. Qe4 ({Better is} 25. cxb6 $18 Rb7 26. Bc7 Rxc7 27. bxc7 Qxc7 28. g3) 25... Be7 $2 {[%mdl 8192]} (25... bxc5 $14 26. dxc5 (26. Bxc5 Ra8 $16) 26... Bxe5 27. Bxe5 (27. Qxe5 Rd7 $14) 27... Qe7) 26. Bxe7 ({Weaker is} 26. Nxc6 Bxc6 27. Qxc6 Bxd6 $16) 26... Qxe7 27. Nxc6 ({Don't take} 27. cxb6 $6 Ra6 $18) 27... Bxc6 28. Qxc6 Rb8 29. cxb6 Ra6 30. d5 Rbxb6 31. Qc8+ Qf8 32. Qxf8+ Kxf8 33. dxe6 fxe6 $18 {[%mdl 4096] Endgame KRR-KRR} 34. Rd7 Rd6 35. Rxd6 Rxd6 {KR-KR} 36. Kf1 Kf7 {[#]} (36... Rd3 $16) 37. Ke2 $1 Rd5 38. Rc1 Re5+ 39. Kd3 Rh5 $2 (39... Ke8 {keeps fighting.} 40. Rc7 Re1) 40. Rc7+ Kf6 41. h3 Rg5 42. g4 h5 43. f3 Ke5 $2 (43... Re5 $18 44. Ra7 hxg4 45. hxg4 Re1 46. Rxa4 Rf1) 44. Rc5+ {White mates.} Kf4 45. Rxg5 Kxg5 46. b5 {Precision: White = 69%, Black = 39%.} 1-0

[Event "29th Czech Open-Rapid 2018"]
[Site "Pardubice"]
[Date "2018.07.18"]
[Round "2"]
[White "Shyam, Sundar M"]
[Black "Westerinen, Heikki Mj"]
[Result "1-0"]
[WhiteElo "2527"]
[BlackElo "2312"]
[Annotator "TA"]
[PlyCount "127"]
[EventDate "2018.07.18"]
[EventType "swiss"]
[EventCountry "CZE"]
[SourceTitle "playchess.com"]
[Source "ChessBase"]
[SourceQuality "1"]

{[%evp 18,127,40,21,31,24,26,15,16,20,23,8,22,22,23,10,25,31,28,0,12,-8,-7,-5,0,-4,-8,-3,-2,-7,-3,-2,0,-10,0,0,0,0,0,0,6,0,0,0,0,0,0,0,0,0,7,0,0,0,16,10,50,40,401,401,408,410,447,438,653,645,615,606,722,707,921,844,958,952,827,933,922,917,922,908,871,862,1667,1667,1655,1660,1658,1643,1632,1630,1629,1622,1611,1597,1485,1513,1275,1210,29971,29971,29980,29980,29980,29981,29982,29983,29979,29975,29974,29976,29975,29976]} 1. d4 d5 {[%cal Bd7d5,Bd5c4][%mdl 32]} 2. c4 dxc4 3. Nf3 a6 4. e3 b5 5. a4 Bb7 6. b3 e6 {D22: Queen's Gambit Accepted: 3 Nf3 a6 4 e3} (6... Nf6 7. axb5 axb5 8. Rxa8 Bxa8 9. bxc4 bxc4 10. Bxc4 e6 11. O-O Nbd7 12. Nbd2 Be7 13. Qb3 O-O 14. Ba3 c5 15. Rc1 Bxf3 16. Nxf3 cxd4 17. Nxd4 Bxa3 18. Qxa3 Qa8 {½-½ (18) Dreev,A (2653)-Ponomariov,R (2694) Riadh 2017}) 7. bxc4 bxc4 8. Bxc4 Nf6 9. O-O Nbd7 10. a5 {LiveBook: 5 Games} Be7 11. Nbd2 $146 ({Predecessor:} 11. Ba3 O-O 12. Nbd2 Bxa3 13. Rxa3 c5 14. Qe2 cxd4 15. exd4 {½-½ (35) Carstensen,J (2358)-Cederstam Barsk,C (2336) Vaxjo 2015}) 11... O-O 12. Qe2 c5 13. Bb2 cxd4 14. Bxd4 Bc5 15. Rfb1 Qc7 16. Rc1 Qd6 17. Rab1 Rfb8 18. Bd3 Bxd4 19. Nxd4 (19. exd4 {keeps more tension.} Bd5 20. Ra1 Bxf3 21. Nxf3 Nd5 22. Ne5) 19... Qd5 {[%csl Gb7][%cal Rd5g2] [#]} 20. Qf3 Qxa5 21. Rxb7 {Strongly threatening Ne4.} Qxd2 22. Rxb8+ Rxb8 23. Rd1 Qc3 24. Bxa6 h6 25. h3 Nc5 26. Qc6 Nce4 27. Bd3 Qxc6 28. Nxc6 Rb2 29. Ra1 {And now Ra8+ would win.} g6 30. f3 Nc5 31. Bc4 Nfd7 32. Ra5 Rc2 33. Bb5 Kg7 34. Nd4 Rc1+ 35. Kh2 Kf6 36. Ra7 Ne5 37. Be8 {aiming for f4.} g5 $2 {[%mdl 8192]} (37... Nc4 $14) 38. f4 $18 gxf4 39. exf4 Ned7 40. Bxd7 Nxd7 (40... Rb1 $142 41. Be8 Rb7) 41. Rxd7 {[%mdl 4096] Endgame KRN-KR} Rd1 42. Rd8 Rf1 43. Nf3 Kf5 44. Kg3 h5 45. Rh8 Kg6 46. Ne5+ Kg7 47. Rxh5 f6 48. Nf3 Ra1 49. Rb5 Kg6 {[#]} 50. f5+ $1 exf5 51. Nh4+ Kf7 52. Rxf5 Ke6 53. Rf3 Ra5 54. Re3+ Kf7 55. Nf3 Kg6 56. h4 Ra4 57. Kh3 f5 58. Re6+ {White mates.} Kh5 59. Rf6 f4 60. Rf5+ Kg6 61. Kg4 Ra2 62. Rg5+ Kf6 63. Kxf4 Ra4+ 64. Kg3 {Precision: White = 63%, Black = 45%.} 1-0

[Event "29th Czech Open-Rapid 2018"]
[Site "Pardubice"]
[Date "2018.07.18"]
[Round "2"]
[White "Deepan Chakkravarthy J"]
[Black "Maltsevskyay, Aleksandra"]
[Result "1-0"]
[WhiteElo "2519"]
[BlackElo "2297"]
[Annotator "RC"]
[PlyCount "67"]
[EventDate "2018.07.18"]
[EventType "swiss"]
[EventCountry "CZE"]
[SourceTitle "playchess.com"]
[Source "ChessBase"]
[SourceQuality "1"]
[TimeControl "900+10"]

1. c4 {[%emt 0:00:00]} Nf6 {[%emt 0:00:00]} 2. Nc3 {[%emt 0:00:02]} g6 {[%emt 0:00:07]} 3. e4 {[%emt 0:00:11]} d6 {[%emt 0:00:02]} 4. d4 {[%emt 0:00:02]} Bg7 {[%emt 0:00:01]} 5. f3 {[%emt 0:00:02]} O-O {[%emt 0:00:04]} 6. Be3 {[%emt 0:00:02]} Nc6 {[%emt 0:00:07]} 7. Nge2 {[%emt 0:00:08]} a6 {[%emt 0:00:01]} 8. Qd2 {[%emt 0:00:08]} Rb8 {[%emt 0:00:02]} 9. Rb1 {[%emt 0:00:51]} Nd7 {[%emt 0:01:58]} 10. h4 {[%emt 0:00:59]} h5 {[%emt 0:00:23]} 11. b4 {[%emt 0:00:25]} b5 {[%emt 0:00:19]} 12. c5 {[%emt 0:00:12]} e5 {[%emt 0:04:23]} 13. d5 {[%emt 0:00:05]} Ne7 {[%emt 0:00:01]} 14. Ng3 {[%emt 0:01:00]} f5 {[%emt 0:00:26]} 15. exf5 {[%emt 0:00:02]} Nxf5 {[%emt 0:00:30]} 16. Bg5 {[%emt 0:01:18]} Bf6 {[%emt 0:01:27]} 17. Nge4 {[%emt 0:00:02]} Bxg5 18. hxg5 {[%emt 0:00:05]} Qe7 {[%emt 0:01:17]} 19. c6 {[%emt 0:00:19]} Nb6 {[%emt 0:00:02]} 20. Nf6+ {[%emt 0:00:02]} Kg7 {[%emt 0:00:22]} 21. Nce4 {[%emt 0:00:10]} Nd4 {[%emt 0:00:28]} 22. Bd3 {[%emt 0:01:23]} Rh8 {[%emt 0:01:06]} 23. Rh4 {[%emt 0:01:09]} Bf5 {[%emt 0:01:51]} 24. Ng3 {[%emt 0:00:14]} Qf7 {[%emt 0:01:17]} 25. Rxd4 {[%emt 0:00:31]} exd4 {[%emt 0:00:05]} 26. Bxf5 {[%emt 0:00:03]} gxf5 {[%emt 0:01:05]} 27. Nxf5+ {[%emt 0:00:02]} Kf8 {[%emt 0:00:01]} 28. Qxd4 {[%emt 0:00:16]} Rg8 {[%emt 0:01:40]} 29. f4 {[%emt 0:00:15]} Re8+ {[%emt 0:00:27]} 30. Kf2 {[%emt 0:00:18]} Qg6 {[%emt 0:00:12]} 31. Nxe8 {[%emt 0:00:05]} Kxe8 {[%emt 0:00:10]} 32. Qe4+ {[%emt 0:01:00]} Kd8 {[%emt 0:00:01]} 33. Re1 {[%emt 0:00:03]} Qf7 {[%emt 0:00:23]} 34. Nh6 {[%emt 0:01:21]} 1-0

[Event "29th Czech Open-Rapid 2018"]
[Site "Pardubice"]
[Date "2018.07.18"]
[Round "2"]
[White "Geller, Jakov"]
[Black "Zlatin, Alexander"]
[Result "1-0"]
[WhiteElo "2518"]
[BlackElo "2200"]
[Annotator "RC"]
[PlyCount "93"]
[EventDate "2018.07.18"]
[EventType "swiss"]
[EventCountry "CZE"]
[SourceTitle "playchess.com"]
[Source "ChessBase"]
[SourceQuality "1"]
[TimeControl "900+10"]

1. e4 {[%emt 0:00:00]} e5 {[%emt 0:00:00]} 2. Nf3 {[%emt 0:00:00]} Nc6 {[%emt 0:00:00]} 3. Bc4 {[%emt 0:00:00]} Bc5 {[%emt 0:00:00]} 4. O-O {[%emt 0:00:04]} Nf6 {[%emt 0:00:15]} 5. d3 {[%emt 0:00:02]} h6 {[%emt 0:00:07]} 6. c3 {[%emt 0:00:06]} d6 {[%emt 0:00:06]} 7. Bb3 {[%emt 0:00:12]} a6 {[%emt 0:00:38]} 8. Re1 {[%emt 0:00:02]} Ba7 {[%emt 0:00:07]} 9. Nbd2 {[%emt 0:00:10]} O-O {[%emt 0:00:45]} 10. h3 {[%emt 0:00:03]} Nh5 {[%emt 0:00:15]} 11. Nf1 {[%emt 0:00:04]} Qf6 {[%emt 0:00:05]} 12. Be3 {[%emt 0:02:04]} Nf4 {[%emt 0:00:33]} 13. d4 {[%emt 0:00:57]} Ne7 {[%emt 0:00:50]} 14. Ng3 {[%emt 0:00:10]} Neg6 {[%emt 0:00:13]} 15. Bc2 {[%emt 0:00:07]} Nh4 {[%emt 0:01:52]} 16. Nxh4 {[%emt 0:00:17]} Qxh4 {[%emt 0:00:03]} 17. Qf3 {[%emt 0:00:15]} Qf6 {[%emt 0:02:06]} 18. Nf5 {[%emt 0:00:10]} Bxf5 {[%emt 0:01:21]} 19. exf5 {[%emt 0:00:03]} g5 {[%emt 0:00:56]} 20. g3 {[%emt 0:02:51]} exd4 {[%emt 0:00:39]} 21. cxd4 {[%emt 0:00:03]} Nxh3+ {[%emt 0:00:24]} 22. Kg2 {[%emt 0:01:12]} Bxd4 {[%emt 0:00:21]} 23. Kxh3 {[%emt 0:00:26]} Bxe3 {[%emt 0:00:12]} 24. Qxe3 {[%emt 0:00:12]} Qxb2 {[%emt 0:00:17]} 25. Qd3 {[%emt 0:00:27]} Qf6 {[%emt 0:00:28]} 26. Rab1 {[%emt 0:00:06]} b5 {[%emt 0:00:47]} 27. Qd5 {[%emt 0:00:06]} Qc3 {[%emt 0:00:44]} 28. Bb3 {[%emt 0:00:16]} c5 {[%emt 0:00:27]} 29. Qxd6 {[%emt 0:00:26]} c4 {[%emt 0:01:17]} 30. Qxh6 {[%emt 0:00:27]} Qg7 {[%emt 0:00:02]} 31. Qxg7+ {[%emt 0:00:02]} Kxg7 {[%emt 0:00:01]} 32. Bc2 {[%emt 0:00:02]} Kf6 {[%emt 0:00:07]} 33. Rbd1 {[%emt 0:00:08]} Rfd8 {[%emt 0:00:04]} 34. Kg4 {[%emt 0:00:03]} Rab8 {[%emt 0:00:14]} 35. f4 {[%emt 0:00:15]} gxf4 {[%emt 0:00:10]} 36. Kxf4 {[%emt 0:00:03]} b4 {[%emt 0:00:06]} 37. g4 {[%emt 0:00:03]} Rxd1 {[%emt 0:00:09]} 38. g5+ {[%emt 0:00:02]} Kg7 {[%emt 0:00:02]} 39. f6+ {[%emt 0:00:03]} Kg8 {[%emt 0:00:05]} 40. Rxd1 {[%emt 0:00:10]} b3 {[%emt 0:00:04]} 41. axb3 {[%emt 0:00:08]} cxb3 {[%emt 0:00:00]} 42. Be4 {[%emt 0:01:15]} a5 {[%emt 0:00:13]} 43. g6 {[%emt 0:00:54]} fxg6 {[%emt 0:00:14]} 44. Kg5 {[%emt 0:00:04]} a4 {[%emt 0:00:57]} 45. Kxg6 {[%emt 0:00:13]} b2 {[%emt 0:00:13]} 46. Rh1 {[%emt 0:00:10]} b1=Q {[%emt 0:01:11]} 47. Bxb1 {[%emt 0:00:17]} 1-0